Minőség-ellenőrzés a könyvvizsgálatban, egy nemzetközi cég példája

Bibliographic Details
Main Author: Huszár Barbara
Other Authors: Simon Dr. Szilvia
Format: Thesis
Kulcsszavak:Minőség-ellenőrzés
Könyvvizsgálat
Közfelügyelet
Online Access:http://dolgozattar.uni-bge.hu/9116

MARC

LEADER 00000nta a2200000 i 4500
001 dolg9116
005 20161217110902.0
008 161217suuuu hu om 000 hun d
040 |a BGE Dolgozattár Repozitórium  |b hun 
041 |a hu 
100 1 |a Huszár Barbara 
245 1 0 |a Minőség-ellenőrzés a könyvvizsgálatban, egy nemzetközi cég példája  |c Huszár Barbara  |h [elektronikus dokumentum] 
246 1 1 |a Minőség-ellenőrzés a könyvvizsgálatban, egy nemzetközi cég példája 
695 |a Minőség-ellenőrzés 
695 |a Könyvvizsgálat 
695 |a Közfelügyelet 
700 1 |a Simon Dr. Szilvia  |e ths 
856 4 0 |u http://dolgozattar.uni-bge.hu/9116/1/Szakdolgozat%20v%C3%A9gleges-%20Husz%C3%A1r%20Barbara.pdf  |z Dokumentum-elérés 
856 4 0 |u http://dolgozattar.uni-bge.hu/9116/2/Titkos%C3%ADt%C3%A1s.pdf  |z Dokumentum-elérés 
856 4 0 |u http://dolgozattar.uni-bge.hu/9116/3/Nyilatkozat.pdf  |z Dokumentum-elérés